000 00469nam a2200169Ia 4500
999 _c30610
_d30610
003 OSt
005 20200727130114.0
008 190216s9999||||xx |||||||||||||| ||und||
040 _coclc
082 _a514
_bMCC/T
100 _aMccarty, George
_93786
245 0 _aTopology /
_cGeorge Mccarty
260 _bTata Mcgrawhill Publishers,
_c1967.
_aNew Delhi:
300 _a270p
650 _aMathematics
942 _cBK
_2ddc
_h514
_iMCC/T
_k514
_mMCC/T